书目信息 |
| 题名: |
城市居住区规划的社会影响评价
|
|
| 作者: | 张俊 著 | |
| 分册: | ||
| 出版信息: | 北京 中国社会科学出版社 2020.10 |
|
| 页数: | 524页 | |
| 开本: | 24cm | |
| 丛书名: | 同济大学社会科学丛书 | |
| 单 册: | ||
| 中图分类: | TU984.12 | |
| 科图分类: | ||
| 主题词: | 居住区--城市规划--社会影响--评价--研究 | |
| 电子资源: | ||
| ISBN: | 978-7-5203-2845-6 | |
| 000 | 01370nam2 2200301 45 | |
| 001 | 012001000608 | |
| 005 | 20140911161143.0 | |
| 010 | @a978-7-5203-2845-6@dCNY189.00 | |
| 100 | @a20201231d2020 em y0chiy50 ea | |
| 101 | 0 | @achi |
| 102 | @aCN@b110000 | |
| 105 | @aab z 000yy | |
| 106 | @ar | |
| 200 | 1 | @a城市居住区规划的社会影响评价@Acheng shi ju zhu qu gui hua de she hui ying xiang ping jia@dSocial impact assessment of urban residential district planning@f张俊著@zeng |
| 210 | @a北京@c中国社会科学出版社@d2020.10 | |
| 215 | @a524页@c图,照片,地图@d24cm | |
| 225 | 2 | @a同济大学社会科学丛书 |
| 300 | @a国家社会科学基金项目“城市居住区规划的社会影响评价研究”成果 | |
| 300 | @a并列题名:Social impact assessment of urban residential district planning | |
| 330 | @a本书分为十一章,内容包括:社会影响评价的发展趋势、城市居住空间社会影响文献综述、城市居住区规划与居住空间分异、城市居住区规划与社区认同、城市居住区规划与居民的社区参与、城市居住区规划与社区冲突、城市居住区规划的社会影响机制等。 | |
| 410 | 0 | @12001 @a同济大学社会科学丛书 |
| 461 | 0 | @12001 @a同济大学社会科学丛书 |
| 510 | 1 | @aSocial impact assessment of urban residential district planning@zeng |
| 606 | 0 | @a居住区@x城市规划@x社会影响@x评价@x研究 |
| 690 | @aTU984.12@v5 | |
| 701 | 0 | @a张俊@Azhang jun@4著 |
| 801 | 0 | @aCN@bBJSDL@c20211011 |
| 905 | @b1331826-9@dTU984.12@e1852@f4 | |
| 城市居住区规划的社会影响评价=Social impact assessment of urban residential district planning/张俊著.-北京:中国社会科学出版社,2020.10 |
| 524页:图,照片,地图;24cm.-(同济大学社会科学丛书) |
| 国家社会科学基金项目“城市居住区规划的社会影响评价研究”成果.-并列题名:Social impact assessment of urban residential district planning |
| ISBN 978-7-5203-2845-6:CNY189.00 |
| 本书分为十一章,内容包括:社会影响评价的发展趋势、城市居住空间社会影响文献综述、城市居住区规划与居住空间分异、城市居住区规划与社区认同、城市居住区规划与居民的社区参与、城市居住区规划与社区冲突、城市居住区规划的社会影响机制等。 |
| ● |
| 相关链接 |
|
|
|
|
正题名:城市居住区规划的社会影响评价
索取号:TU984.12/1852
 
预约/预借
| 序号 | 登录号 | 条形码 | 馆藏地/架位号 | 状态 | 备注 |
| 1 | 1331826 | 213318266 | 第二样本阅览室/ [索取号:TU984.12/1852] | 在馆 | |
| 2 | 1331827 | 213318275 | 第三借阅区/ [索取号:TU984.12/1852] | 在馆 | |
| 3 | 1331828 | 213318284 | 第三借阅区/ [索取号:TU984.12/1852] | 在馆 | |
| 4 | 1331829 | 213318293 | 第三借阅区/ [索取号:TU984.12/1852] | 在馆 |